Reform Jewish practice and its rabbinic background: volumes I and II
| Main Author: | |
|---|---|
| Corporate Author: | |
| Format: | Print Book |
| Language: | English |
| Subito Delivery Service: | Order now. |
| Check availability: | HBZ Gateway |
| WorldCat: | WorldCat |
| Interlibrary Loan: | Interlibrary Loan for the Fachinformationsdienste (Specialized Information Services in Germany) |
| Published: |
New York
Union of American Hebrew Congregations
[1963]
|
| In: | Year: 1963 |
| Edition: | Combined edition |
| Standardized Subjects / Keyword chains: | B
Reform Judaism
|
| Further subjects: | B
Reform Judaism
Customs and practices
B Reform Judaism - Customs and practices B Jewish Law Reform Judaism B Judaïsme réformé B Reform Judaism B Jewish law - Reform Judaism |
MARC
| LEADER | 00000cam a2200000 c 4500 | ||
|---|---|---|---|
| 001 | 115825220X | ||
| 003 | DE-627 | ||
| 005 | 20251225181610.0 | ||
| 007 | tu | ||
| 008 | 001121s1963 xxu||||| 00| ||eng c | ||
| 035 | |a (DE-627)115825220X | ||
| 035 | |a (DE-576)088252205 | ||
| 035 | |a (DE-599)BSZ088252205 | ||
| 035 | |a (OCoLC)1463169200 | ||
| 040 | |a DE-627 |b ger |c DE-627 |e rda | ||
| 041 | |a eng | ||
| 044 | |c XD-US | ||
| 050 | 0 | |a BM197 | |
| 082 | 0 | |a 296.834 | |
| 084 | |a 1 |2 ssgn | ||
| 084 | |a 11.22 |2 bkl | ||
| 084 | |a 11.23 |2 bkl | ||
| 084 | |a 11.29 |2 bkl | ||
| 100 | 1 | |e VerfasserIn |0 (DE-588)1060467992 |0 (DE-627)799978604 |0 (DE-576)41654214X |4 aut |a Freehof, Solomon Bennett |d 1892-1990 | |
| 109 | |a Freehof, Solomon Bennett 1892-1990 |a Bennett Freehof, Solomon 1892-1990 |a Freehof, Solomon B. 1892-1990 |a Freehof, Solomon 1892-1990 | ||
| 245 | 1 | 0 | |a Reform Jewish practice and its rabbinic background |b volumes I and II |c by Solomon B. Freehof, D.D. |
| 250 | |a Combined edition | ||
| 264 | 1 | |a New York |b Union of American Hebrew Congregations |c [1963] | |
| 300 | |a x, 196, viii, 138 Seiten | ||
| 336 | |a Text |b txt |2 rdacontent | ||
| 337 | |a ohne Hilfsmittel zu benutzen |b n |2 rdamedia | ||
| 338 | |a Band |b nc |2 rdacarrier | ||
| 500 | |a Volume 1 und 2 in einem Band erschienen | ||
| 500 | |a Hier auch neu erschienene, unveränderte Nachdrucke | ||
| 583 | 1 | |a Archivierung prüfen |c 20200919 |f DE-640 |z 1 |2 pdager | |
| 650 | 0 | |a Reform Judaism | |
| 650 | 0 | |a Reform Judaism |x Customs and practices | |
| 650 | 0 | |a Jewish Law |x Reform Judaism | |
| 650 | 4 | |a Judaïsme réformé | |
| 650 | 4 | |a Reform Judaism | |
| 650 | 4 | |a Jewish law - Reform Judaism |0 (OCoLC)fst00982814 | |
| 650 | 4 | |a Reform Judaism - Customs and practices |0 (OCoLC)fst01092547 | |
| 689 | 0 | 0 | |d s |0 (DE-588)4177352-4 |0 (DE-627)104570741 |0 (DE-576)209977035 |2 gnd |a Reformjudentum |
| 689 | 0 | |5 (DE-627) | |
| 710 | 2 | |0 (DE-588)1024716-6 |0 (DE-627)103566066 |0 (DE-576)191281727 |4 oth |a Union of American Hebrew Congregations | |
| 935 | |a mteo | ||
| 936 | b | k | |a 11.22 |j Rabbinica |0 (DE-627)106404253 |
| 936 | b | k | |a 11.23 |j Ritus |j religiöse Gebräuche |x Judentum |0 (DE-627)106404261 |
| 936 | b | k | |a 11.29 |j Judentum: Sonstiges |x Religionswissenschaft |0 (DE-627)106404369 |
| 951 | |a BO | ||
| ELC | |b 1 | ||
| ITA | |a 1 | ||
| LOK | |0 000 xxxxxcx a22 zn 4500 | ||
| LOK | |0 001 2386947548 | ||
| LOK | |0 003 DE-627 | ||
| LOK | |0 004 115825220X | ||
| LOK | |0 005 20100408102457 | ||
| LOK | |0 008 001121||||||||||||||||ger||||||| | ||
| LOK | |0 040 |a DE-21-31 |c DE-627 |d DE-21-31 | ||
| LOK | |0 541 |e 160/64 (IJ) | ||
| LOK | |0 852 |a DE-21-31 | ||
| LOK | |0 852 1 |c Rc XI 76 |m p |9 00 | ||
| LOK | |0 938 |k p | ||
| LOK | |0 939 |a 21-11-00 |b l01 | ||
| ORI | |a SA-MARC-ixtheoa001.raw | ||
| REL | |a 1 | ||
| STA | 0 | 0 | |a Reform Judaism,Liberal Judaism,Progressive Judaism,Judaism |
| STB | 0 | 0 | |a Judaïsme réformé |
| STC | 0 | 0 | |a Judaísmo reformado |
| STD | 0 | 0 | |a Ebraismo riformato |
| STE | 0 | 0 | |a 犹太教改革派,犹太教进步派,犹太教自由派 |
| STF | 0 | 0 | |a 猶太教改革派,猶太教進步派,猶太教自由派 |
| STG | 0 | 0 | |a Judaísmo reformado |
| STH | 0 | 0 | |a Реформированный иудаизм |
| STI | 0 | 0 | |a Μεταρρύθμιση του Ιουδαϊσμού |
| SUB | |a REL | ||
| SYG | 0 | 0 | |a Reformbewegung,Jüdische Reformbewegung,Liberales Judentum,Progressives Judentum |



